Moksha / (Record no. 183173)

MARC details
000 -LEADER
campo de control de longitud fija 01011nam a2200277 i 4500
001 - NÚMERO DE CONTROL
campo de control 183173
003 - IDENTIFICADOR DE NÚMERO DE CONTROL
campo de control ES-MaACL
005 - FECHA Y HORA DE LA ÚLTIMA TRANSACCIÓN
campo de control 20230906221822.0
008 - DATOS DE LONGITUD FIJA--INFORMACIÓN GENERAL
campo de control de longitud fija 140128s1982 sp | |||| ||spa d
020 ## - NÚMERO INTERNACIONAL ESTÁNDAR DEL LIBRO
Número Internacional Estándar del Libro 84-350-0383-3
080 ## - NÚMERO DE LA CLASIFICACIÓN DECIMAL UNIVERSAL
Número de la Clasificación Decimal Universal 616.21:159.961.22
100 1# - ENTRADA PRINCIPAL--NOMBRE DE PERSONA
Nombre de persona Huxley, Aldous,
Fechas asociadas al nombre 1894-1963
9 (RLIN) 64858
245 10 - MENCIÓN DEL TÍTULO
Título Moksha /
Mención de responsabilidad, etc. Aldous Husley ; compiladores, Michael Horowirz y Cynthia Palmer ; introducciones, Albert Hofman y Alexander Shulgin ; [traducción del inglés de Eduardo Goligorsky].
250 ## - MENCION DE EDICION
Mención de edición [1ª ed. en lengua española].
260 ## - PUBLICACIÓN, DISTRIBUCIÓN, ETC.
Lugar de publicación, distribución, etc. Barcelona :
Nombre del editor, distribuidor, etc. Edhasa,
Fecha de publicación, distribución, etc. 1982.
300 ## - DESCRIPCIÓN FÍSICA
Extensión 4 h., 378 p. ;
Dimensiones 19 cm.
504 ## - NOTA DE BIBLIOGRAFÍA, ETC.
Nota de bibliografía, etc. Bibliografía: p. [376]-377.
650 #4 - PUNTO DE ACCESO ADICIONAL DE MATERIA--TÉRMINO DE MATERIA
Término de materia o nombre geográfico como elemento de entrada Alucinógenos.
9 (RLIN) 9746
700 11 - ENTRADA AGREGADA--NOMBRE PERSONAL
Nombre de persona Goligorsky, Eduardo.
9 (RLIN) 57708
700 1# - ENTRADA AGREGADA--NOMBRE PERSONAL
Nombre de persona Horowitz, Michael.
9 (RLIN) 154279
700 1# - ENTRADA AGREGADA--NOMBRE PERSONAL
Nombre de persona Palmer, Cynthia.
9 (RLIN) 154280
700 1# - ENTRADA AGREGADA--NOMBRE PERSONAL
Nombre de persona Hofman, Albert.
9 (RLIN) 154281
700 1# - ENTRADA AGREGADA--NOMBRE PERSONAL
Nombre de persona Shulgin, A. T.
9 (RLIN) 154282
852 ## - LOCALIZACIÓN
Ubicación ES-MaACL
Número de control de estantería L-29981
Nota libre .- Donat. Miguel A. Velasco
Holdings
Estatus retirado Estado de pérdida Estado de daño No para préstamo Biblioteca de origen Biblioteca actual Ubicación en estantería Fecha de adquisición Fuente de adquisición Total de préstamos Signatura topográfica completa Código de barras Visto por última vez Precio de reemplazo Tipo de ítem Koha
        Biblioteca del Ateneo de Madrid Biblioteca del Ateneo de Madrid Depósito 2 28/01/2014     L-29981 1192518 23/02/2023 23/02/2023 Libro impreso